000 00485nam a22001697a 4500
005 20250516123102.0
008 250516b |||||||| |||| 00| 0 eng d
020 _a9780324305999
050 _a HD 31 WIL
_b1
100 _aWILLIAMS, Chuck
245 _aEffective management:
_bA multimedia approach,text,graphics,video animation
250 _a2nd ed.
260 _aAustralia
_bThomson
_c2006
300 _axxviii,528p
500 _atext, graphics animation video
942 _2lcc
_cBK
_n0
999 _c5808
_d5808